Регионална библиотека "Любен Каравелов" - Русе

Нормален изглед MARC изглед
  • сръбска литература

Вход 06. Жанр/Тип/Форма - термин

Брой записи, използвани в: 0

001 - Контролен номер на записа

  • Контролно поле: 397241

003 - Код на организацията, даваща контролен номер

  • Контролно поле: BLK

005 - Дата и час на последна промяна на записа

  • Контролно поле: 20190930140351.0

008 - Данни с фиксирана дължина – обща информация

  • Данни с фиксирана дължина : 190930|| aca||aabn | a|a d

155 ## - HEADING--GENRE/FORM TERM

  • Жанр/Форма - редна дума: сръбска литература

942 ## - Системна служебна употреба

  • Koha auth type: GENRE/FORM
Vip Innovations Ltd, Rousse, Bulgaria 2025